Sports Quiz

Random Sports or Basketball Quiz

Youngest NBA Players Quiz Stats

 Plays Quiz not verified by Sporcle

Score 0/30 Timer 08:00
0 Plays Today
Team Player % Correct
Washington WizardsJohn Wall
72.1%
Boston CelticsRajon Rondo
60.5%
Chicago BullsDerrick Rose
54.7%
Miami HeatLeBron James
52.3%
Sacramento KingsDeMarcus Cousins
51.2%
Golden State WarriorsStephen Curry
48.8%
Milwaukee BucksBrandon Jennings
47.7%
Portland Trail BlazersArmon Johnson
44.2%
New Jersey NetsDerrick Favors
40.7%
Philadelphia 76ersJrue Holiday
40.7%
Los Angeles LakersAndrew Bynum
37.2%
Cleveland CavaliersJ.J. Hickson
33.7%
Oklahoma City ThunderSerge Ibaka
31.4%
Atlanta HawksJeff Teague
29.1%
Phoenix SunsRobin Lopez
27.9%
Team Player % Correct
Utah JazzGordon Hayward
27.9%
New York KnicksDanilo Gallinari
26.7%
Denver NuggetsTy Lawson
25.6%
Toronto RaptorsDeMar DeRozan
24.4%
San Antonio SpursDeJuan Blair
23.3%
Dallas MavericksDominique Jones
22.1%
Indiana PacersPaul George
20.9%
Detroit PistonsAustin Daye
20.9%
Houston RocketsChase Budinger
19.8%
Los Angeles ClippersAl-Farouq Aminu
18.6%
Memphis GrizzliesXavier Henry
18.6%
Orlando MagicRyan Anderson
18.6%
Charlotte BobcatsGerald Henderson
17.4%
New Orleans HornetsJerryd Bayless
10.5%
Minnesota TimberwolvesKosta Koufos
2.3%

You're not logged in!

Compare scores with friends on all Sporcle quizzes.
OR
Log In

Show Comments

Extras

Top Quizzes Today


Score Distribution

Your Account Isn't Verified!

In order to create a playlist on Sporcle, you need to verify the email address you used during registration. Go to your Sporcle Settings to finish the process.

Report this User

Report this user for behavior that violates our Community Guidelines.

Details: